| 000 | 00691nam a2200241 a 4500 | ||
|---|---|---|---|
| 003 | OSt | ||
| 005 | 20171116133220.0 | ||
| 007 | ta | ||
| 008 | 171114s2016 spca b 000 ebcat d | ||
| 017 | _aDL V 2012-2016 | ||
| 020 | _a9788416698097 | ||
| 040 |
_aES-BaCBU _bcat _cCDMR |
||
| 100 | 1 | _aTorres, Aina | |
| 245 | 1 | 0 |
_aMontserrat Roig _b: la memòria viva / _cAina Torres |
| 260 |
_aCarcaixent : _bSembra Llibres, _c2016 |
||
| 300 |
_a160 p. : _bil. ; _c23 cm |
||
| 490 | 1 |
_aSembra Llibres ; _v25 |
|
| 600 | 1 | 4 |
_aRoig, Montserrat, _d1946-1991 _xBiografia |
| 650 | 4 |
_92913 _aDones periodistes |
|
| 650 | 4 |
_93139 _aPeriodistes catalans _vBiografia |
|
| 830 | _aSembra Llibres ; | ||
| 942 | _cMON | ||
| 999 |
_c7075 _d7075 |
||